[Event "Outaouais-ch Reserve"]
[Site "Gatineau"]
[Date "2013.04.30"]
[Round "3"]
[White "Traversy, Pierre"]
[Black "Kouassi, Karen"]
[Result "0-1"]
[WhiteElo "1154"]
[BlackElo "1199"]
[PlyCount "50"]
[EventDate "2013.04.16"]
[EventType "swiss"]
[EventRounds "6"]
[EventCountry "CAN"]
[SourceTitle "EXT 2022"]
[Source "ChessBase"]
[SourceDate "2021.10.06"]
[SourceVersion "1"]
[SourceVersionDate "2021.10.06"]
[SourceQuality "1"]

1. d4 d5 2. Nf3 Nc6 3. Bd2 Nf6 4. Nc3 Bf5 5. a3 a6 6. e3 Qd6 7. g3 e5 8. dxe5 Nxe5 9. Nxe5 Qxe5 10. Bg2 c5 11. 0-0 Bd6 12. Rb1 0-0 13. Re1 b5 14. Bc1 Bg4 15. Bf3 Qh5 16. Bxg4 Nxg4 17. h4 Rfe8 18. Qxd5 Be5 19. Qf3 Rab8 20. e4 Re6 21. Nd5 Rf8 22. Nf4 Bxf4 23. Bxf4 Rf6 24. Rf1 g5 25. hxg5 Qh2# 0-1

[Event "Outaouais-ch Reserve"]
[Site "Gatineau"]
[Date "2013.04.23"]
[Round "2"]
[White "Kouassi, Karen"]
[Black "Simard, Paul"]
[Result "0-1"]
[WhiteElo "1199"]
[BlackElo "1219"]
[PlyCount "56"]
[EventDate "2013.04.16"]
[EventType "swiss"]
[EventRounds "6"]
[EventCountry "CAN"]
[SourceTitle "EXT 2022"]
[Source "ChessBase"]
[SourceDate "2021.10.06"]
[SourceVersion "1"]
[SourceVersionDate "2021.10.06"]
[SourceQuality "1"]

1. e4 e5 2. Nf3 Nc6 3. Nc3 Nf6 4. Bc4 Bc5 5. 0-0 0-0 6. a3 d6 7. b4 Bb6 8. Ng5 a6 9. Nxf7 Rxf7 10. Bxf7+ Kxf7 11. d3 h6 12. Nd5 Bd4 13. c3 Ba7 14. Qb3 Be6 15. c4 Nd4 16. Qd1 b5 17. cxb5 axb5 18. h3 c6 19. Ne3 Nb3 20. Rb1 Nxc1 21. Rxc1 Qc8 22. Kh1 Bd4 23. Nd5 Nxd5 24. exd5 Bxd5 25. Qh5+ Kg8 26. f4 exf4 27. Rce1 Be3 28. Qg6 Qxh3# 0-1

[Event "Gatineau Quebec Elite qual"]
[Site "Gatineau"]
[Date "2013.01.15"]
[Round "1"]
[White "Piche, Guy"]
[Black "Kouassi, Karen"]
[Result "1-0"]
[WhiteElo "1543"]
[BlackElo "1181"]
[PlyCount "61"]
[EventDate "2013.01.15"]
[EventType "swiss"]
[EventRounds "5"]
[EventCountry "CAN"]
[SourceTitle "EXT 2022"]
[Source "ChessBase"]
[SourceDate "2021.10.06"]
[SourceVersion "1"]
[SourceVersionDate "2021.10.06"]
[SourceQuality "1"]

1. f4 d5 2. e3 Nf6 3. Nf3 Nc6 4. b3 Bf5 5. Bb5 a6 6. Bxc6+ bxc6 7. Bb2 e6 8. Ne5 Qd6 9. 0-0 Be7 10. d4 0-0 11. Ba3 Qd8 12. Nxc6 Qd7 13. Nxe7+ Kh8 14. Nxf5 exf5 15. Bxf8 Rxf8 16. Nd2 Qd6 17. c4 c5 18. dxc5 Qxc5 19. Qf3 Re8 20. Rfe1 a5 21. Rac1 Ng4 22. Qxd5 Qe7 23. Qxf5 Nxe3 24. Qd3 Qc5 25. Kh1 g6 26. Ne4 Qc7 27. Qxe3 f5 28. Qd4+ Kg8 29. Nf6+ Kf7 30. Nxe8 Qc6 31. Qg7# 1-0

[Event "Gatineau Nez Rouge"]
[Site "Gatineau"]
[Date "2012.12.11"]
[Round "4"]
[White "Kouassi, Karen"]
[Black "Legare, Gilles"]
[Result "0-1"]
[WhiteElo "1167"]
[BlackElo "1039"]
[PlyCount "80"]
[EventDate "2012.11.20"]
[EventType "swiss"]
[EventRounds "5"]
[EventCountry "CAN"]
[SourceTitle "EXT 2022"]
[Source "ChessBase"]
[SourceDate "2021.10.06"]
[SourceVersion "1"]
[SourceVersionDate "2021.10.06"]
[SourceQuality "1"]

1. e4 e6 2. Nf3 c5 3. Nc3 Nc6 4. d3 d6 5. Bf4 Be7 6. e5 d5 7. d4 cxd4 8. Nxd4 Nxd4 9. Qxd4 b6 10. b4 a5 11. b5 Bc5 12. Qd2 a4 13. a3 f6 14. Bd3 Bd4 15. 0-0 fxe5 16. Bg5 Ne7 17. Rfe1 0-0 18. Rab1 Qe8 19. Rf1 e4 20. Bxe4 Bxc3 21. Qxc3 dxe4 22. Rfe1 Nd5 23. Qe5 Rf5 24. Qg3 Qg6 25. h4 h6 26. Rxe4 hxg5 27. Rbe1 Bd7 28. Rg4 Rc8 29. f3 Qh6 30. hxg5 Qg6 31. Ree4 Nf4 32. Qh2 Nh5 33. f4 Rxb5 34. Rd4 Rb1+ 35. Kf2 Qxc2+ 36. Ke3 Rb3+ 37. Rd3 Qxd3+ 38. Kf2 Rb2+ 39. Ke1 Qd2+ 40. Kf1 Qd1# 0-1

[Event "Gatineau Nez Rouge"]
[Site "Gatineau"]
[Date "2012.12.04"]
[Round "3"]
[White "Lemieux, Denis"]
[Black "Kouassi, Karen"]
[Result "1-0"]
[WhiteElo "1460"]
[BlackElo "1167"]
[PlyCount "89"]
[EventDate "2012.11.20"]
[EventType "swiss"]
[EventRounds "5"]
[EventCountry "CAN"]
[SourceTitle "EXT 2022"]
[Source "ChessBase"]
[SourceDate "2021.10.06"]
[SourceVersion "1"]
[SourceVersionDate "2021.10.06"]
[SourceQuality "1"]

1. d4 d5 2. c4 Nf6 3. Nc3 b6 4. Bf4 Nc6 5. Nb5 e5 6. dxe5 Bb4+ 7. Bd2 Ne4 8. Bxb4 Nxb4 9. a3 Qe7 10. Nf3 Bg4 11. Rc1 a6 12. Nc3 0-0-0 13. axb4 dxc4 14. Qa4 Nxc3 15. Qxa6+ Kd7 16. bxc3 f6 17. Qxc4 Bxf3 18. gxf3 fxe5 19. Qb5+ Ke6 20. Bh3+ Kf6 21. 0-0 Kg6 22. Qc6+ Rd6 23. Qe4+ Kh6 24. Kh1 Rf8 25. e3 Rdf6 26. Qh4+ Kg6 27. Bg4 h6 28. e4 b5 29. Rg1 Kh7 30. Bf5+ Kh8 31. Rg6 Qd6 32. Rcg1 Qd3 33. Qxh6+ gxh6 34. Rg7 Qxf3+ 35. R1g2 R6f7 36. R7g6 Rf6 37. Rg7 R6f7 38. R7g6 Rf6 39. Rg7 R6f7 40. R7g3 Qd1+ 41. Rg1 Qd2 42. Rg6 c6 43. h3 Rf6 44. Rg7 Qf4 45. Rh7# 1-0

[Event "Gatineau Service des Loisirs"]
[Site "Gatineau"]
[Date "2012.10.30"]
[Round "3"]
[White "Kouassi, Karen"]
[Black "Pilon, Robert"]
[Result "0-1"]
[WhiteElo "1146"]
[BlackElo "1553"]
[PlyCount "114"]
[EventDate "2012.10.16"]
[EventType "swiss"]
[EventRounds "4"]
[EventCountry "CAN"]
[SourceTitle "EXT 2022"]
[Source "ChessBase"]
[SourceDate "2021.10.06"]
[SourceVersion "1"]
[SourceVersionDate "2021.10.06"]
[SourceQuality "1"]

1. e4 e6 2. Nf3 d5 3. e5 c5 4. d3 Nc6 5. c3 Qb6 6. g3 Nge7 7. Bh3 Ng6 8. Be3 Ngxe5 9. Nxe5 Nxe5 10. b3 Bd7 11. d4 cxd4 12. Bxd4 Qc7 13. 0-0 Nc6 14. Re1 Nxd4 15. cxd4 Rc8 16. Nd2 Bd6 17. Qf3 0-0 18. a3 Qb6 19. Qe3 Rc7 20. Bg2 Rfc8 21. b4 Rc3 22. Qg5 Qxd4 23. h4 Rxg3 24. Nf3 Rxg5 25. Nxd4 Rg4 26. h5 Rxd4 27. Re3 Rdc4 28. Bf1 Rc3 29. Bd3 Rc1+ 30. Rxc1 Rxc1+ 31. Kg2 Rc3 32. Bxh7+ Kxh7 33. Rxc3 a6 34. Kh3 e5+ 35. Kh4 d4 36. Rc1 d3 37. f3 Bc6 38. Rd1 e4 39. fxe4 Bxe4 40. Rd2 Bf4 41. Rf2 d2 42. Rxf4 d1Q 43. Rxe4 Qh1+ 44. Kg5 Qxe4 45. h6 Qe3+ 46. Kh5 Qxa3 47. b5 Qa5 48. hxg7 Kxg7 49. Kg4 Qxb5 50. Kf4 a5 51. Ke3 a4 52. Kd2 a3 53. Kc2 a2 54. Kd1 a1Q+ 55. Kc2 Qa3 56. Kd2 Qbb2+ 57. Ke1 Qaa1# 0-1